| 000 | 01079cam a2200337 4500 | ||
|---|---|---|---|
| 001 | 20217 | ||
| 005 | 20230411085821.0 | ||
| 008 | 060907n2003 fr fre | ||
| 035 | _9funglode20369 | ||
| 010 | _a 2003375223 | ||
| 035 | _a(OCoLC)ocm52811189 | ||
| 040 |
_aDLC _cDLC _dCOO _dAUXAM _dTZT _dMUQ _dNLGGC _dUQ1 _dOCLCG |
||
| 020 | _a2701126452 (pbk.) | ||
| 020 | _a9782701126456 (pbk.) | ||
| 035 | _a(OCoLC)52811189 | ||
| 050 | 1 | 4 |
_aR G 108 _bD554 2003 |
| 082 | 0 | 0 | _a304.2/03 |
| 049 | _aGRAL | ||
| 245 | 0 | 0 |
_aDictionnaire de la geographie / _csous la direction de Jacques Levy et Michel Lussault. |
| 246 | 1 | 4 | _aDictionnaire de la geographie et de l'espace des societes |
| 260 |
_aParis : _bBelin, _cc2003. |
||
| 300 |
_a1033 p. ; _c24 cm. |
||
| 504 | _aIncludes bibliographical references and index. | ||
| 650 | 0 |
_aGeography _vDictionaries _xFrench. |
|
| 650 | 0 |
_aHuman geography _vDictionaries _xFrench. |
|
| 653 |
_aGeography _aDictionary |
||
| 700 | 1 |
_aLevy, Jacques, _d1952- |
|
| 700 | 1 | _aLussault, Michel. | |
| 942 |
_2lcc _cbk |
||
| 994 |
_aC0 _bDRFGD |
||
| 999 |
_c107779 _d107779 |
||